| 000 -LEADER |
| fixed length control field |
00991cam a22002294a 4500 |
| 003 - CONTROL NUMBER IDENTIFIER |
| control field |
OSt |
| 005 - DATE AND TIME OF LATEST TRANSACTION |
| control field |
20240806173013.0 |
| 008 - FIXED-LENGTH DATA ELEMENTS--GENERAL INFORMATION |
| fixed length control field |
110927s2011 maua f 000 0 eng |
| 020 ## - INTERNATIONAL STANDARD BOOK NUMBER |
| International Standard Book Number |
9781592537198 |
| 042 ## - AUTHENTICATION CODE |
| Authentication code |
pcc |
| 082 00 - DEWEY DECIMAL CLASSIFICATION NUMBER |
| Classification number |
701/.85 |
| Edition number |
23 |
| 100 1# - MAIN ENTRY--PERSONAL NAME |
| Personal name |
Sherin, Aaris. |
| 245 10 - TITLE STATEMENT |
| Title |
Design elements, color fundamentals : |
| Remainder of title |
a graphic style manual for understanding how color impacts design / |
| Statement of responsibility, etc |
Aaris Sherin. |
| 246 30 - VARYING FORM OF TITLE |
| Title proper/short title |
Graphic style manual for understanding how color impacts design |
| 260 ## - PUBLICATION, DISTRIBUTION, ETC. (IMPRINT) |
| Place of publication, distribution, etc |
Beverly, Mass. : |
| Name of publisher, distributor, etc |
Rockport Publishers, |
| Date of publication, distribution, etc |
2011. |
| 300 ## - PHYSICAL DESCRIPTION |
| Extent |
160 p. : |
| Other physical details |
col. ill. ; |
| Dimensions |
26 cm. |
| 650 #0 - SUBJECT ADDED ENTRY--TOPICAL TERM |
| Topical term or geographic name as entry element |
Color in design |
| Form subdivision |
Handbooks, manuals, etc. |
| 856 42 - ELECTRONIC LOCATION AND ACCESS |
| Materials specified |
Contributor biographical information |
| Uniform Resource Identifier |
<a href="http://www.loc.gov/catdir/enhancements/fy1201/2011040804-b.html">http://www.loc.gov/catdir/enhancements/fy1201/2011040804-b.html</a> |
| 856 42 - ELECTRONIC LOCATION AND ACCESS |
| Materials specified |
Publisher description |
| Uniform Resource Identifier |
<a href="http://www.loc.gov/catdir/enhancements/fy1201/2011040804-d.html">http://www.loc.gov/catdir/enhancements/fy1201/2011040804-d.html</a> |
| 856 41 - ELECTRONIC LOCATION AND ACCESS |
| Materials specified |
Table of contents only |
| Uniform Resource Identifier |
<a href="http://www.loc.gov/catdir/enhancements/fy1205/2011040804-t.html">http://www.loc.gov/catdir/enhancements/fy1205/2011040804-t.html</a> |
| 942 ## - ADDED ENTRY ELEMENTS (KOHA) |
| Source of classification or shelving scheme |
|